Icky bug shapes / (Record no. 6399)
[ view plain ]
| 000 -LEADER | |
|---|---|
| fixed length control field | 01147nam a22002777a 4500 |
| 001 - CONTROL NUMBER | |
| control field | 6399 |
| 003 - CONTROL NUMBER IDENTIFIER | |
| control field | FISKH |
| 005 - DATE AND TIME OF LATEST TRANSACTION | |
| control field | 20250815131415.0 |
| 008 - FIXED-LENGTH DATA ELEMENTS--GENERAL INFORMATION | |
| fixed length control field | 250428b cb ||||| |||| 00| 0 eng d |
| 020 ## - INTERNATIONAL STANDARD BOOK NUMBER | |
| International Standard Book Number | 9780439389181 |
| 040 ## - CATALOGING SOURCE | |
| Original cataloging agency | FISKH |
| Language of cataloging | eng |
| Transcribing agency | FISKH |
| Modifying agency | FISKH |
| 050 ## - LIBRARY OF CONGRESS CALL NUMBER | |
| Classification number | QA113.P34525 |
| 082 ## - DEWEY DECIMAL CLASSIFICATION NUMBER | |
| Classification number | 595.7 LCC |
| 100 ## - MAIN ENTRY--PERSONAL NAME | |
| Personal name | Pallotta, Jerry |
| 245 ## - TITLE STATEMENT | |
| Title | Icky bug shapes / |
| Statement of responsibility, etc. | by Jerry Pallotta ; Illustrated by Shennen Bersani |
| 260 ## - PUBLICATION, DISTRIBUTION, ETC. | |
| Place of publication, distribution, etc. | New York : |
| Name of publisher, distributor, etc. | Scholastic, |
| Date of publication, distribution, etc. | 2003. |
| 300 ## - PHYSICAL DESCRIPTION | |
| Extent | 32 unnumbered pages : |
| Other physical details | color illustrations ; |
| Dimensions | 21 x 26 cm |
| 505 ## - FORMATTED CONTENTS NOTE | |
| Formatted contents note | N <br/> |
| 520 ## - SUMMARY, ETC. | |
| Summary, etc. | Introduces the characteristics and activities of insects through the various shapes made by leafcutter ants, as well as demonstrating these forms with other insects and spiders. Kids will love learning their shapes with help from icky bugs. All the familiar shapes, such as squares, rectangles, circles, stars, and others are covered in this adorable young picture book.<br/> |
| 521 8# - TARGET AUDIENCE NOTE | |
| Target audience note | 570<br/> |
| Source | Lexile<br/> |
| 521 8# - TARGET AUDIENCE NOTE | |
| Target audience note | N<br/> |
| Source | Raz-Plus<br/> |
| 650 ## - SUBJECT ADDED ENTRY--TOPICAL TERM | |
| Topical term or geographic name entry element | Insects |
| Form subdivision | Math |
| 700 ## - ADDED ENTRY--PERSONAL NAME | |
| Personal name | Bersani, Shennen |
| Relator term | illustrator |
| 942 ## - ADDED ENTRY ELEMENTS (KOHA) | |
| Source of classification or shelving scheme | Dewey Decimal Classification |
| Koha item type | Books |
| Suppress in OPAC | No |
| Withdrawn status | Lost status | Source of classification or shelving scheme | Damaged status | Not for loan | Collection | Home library | Current library | Shelving location | Date acquired | Total Checkouts | Full call number | Barcode | Date last seen | Copy number | Price effective from | Koha item type | Date due | Date last checked out |
|---|---|---|---|---|---|---|---|---|---|---|---|---|---|---|---|---|---|---|
| Dewey Decimal Classification | Non-Fiction | Footprints International School Library Network Toul Kork Campus | Footprints International School Library Network Toul Kork Campus | TK Primary Library Room(4th Floor), Bookcase 3&4, Shelves 17-32, Yellow Books | 04/28/2025 | PAL 595.7 QA113.P34525 | FISTK02251 | 04/28/2025 | 1 | 04/28/2025 | Books | |||||||
| Dewey Decimal Classification | Non-Fiction | Footprints International School Library Network Toul Tom Poung Campus | Footprints International School Library Network Toul Tom Poung Campus | TTP Primary Yellow Bookshelves | 05/21/2025 | PAL 595.7 QA113.P34525 | 2025-1342 | 05/21/2025 | 2 | 05/21/2025 | Books | |||||||
| Dewey Decimal Classification | Non-Fiction | Footprints International School Library Network Toul Tom Poung Campus | Footprints International School Library Network Toul Tom Poung Campus | TTP Primary Yellow Bookshelves | 08/15/2025 | 2 | PAL 595.7 QA113.P34525 | FISBK05072 | 03/27/2026 | 3 | 08/15/2025 | Books | 04/10/2026 | 03/27/2026 |
